000 01280nam a2200337 a 4500
001 000113170
003 CHAP
005 20220329144341.0
008 170509s2016 mx a fsm |||||||spa d
010 _a109631
011 _a110603
040 _cCHAP
090 _aTesis
100 1 _aOrtiz Torres, César
_9132150
245 1 0 _aInfluencia de una plantación de Eucalyptus camaldulensis y Opuntia sp., en las propiedades físicas y químicas del suelo de la estación experimental Mario Avila Hernández /
_h[En línea]
_cpor César Ortiz Torres.
260 _aChapingo, Méx. :
_bEl autor,
_c2016.
500 _aPara ver el contenido del material haga clic en la liga
502 _aTesis (M.C. en Ciencias Forestales) -- UACH. División de Ciencias Forestales
590 _aE11695DGD
_b10
_c20170511
_lUCH01
_h1009
590 _aE8697GMM
_b05
_c20170509
_lUCH01
_h0910
590 _aE8697GMM
_b05
_c20170509
_lUCH01
_h0941
650 1 4 _aSuelos y nutrición.
_9110578
650 1 4 _aSuelos
_xAnálisis.
_9110204
650 1 4 _aSuelos
_xConservación.
_9110283
650 1 4 _aSuelos
_xFísica de.
_9110373
650 1 4 _aSuelos
_xMuestreo.
_9110447
856 _aFinding aid
_uhttp://10.13.5.2/tesis/sist113170.pdf
_zTeclea aquí
901 _aBK
942 _cTESIS
942 _n0
999 _c109631
_d109631